Readings in Bengal history : (Record no. 19511)

MARC details
000 -LEADER
fixed length control field 01535cam a2200385 i 4500
001 - CONTROL NUMBER
control field 20376870
003 - CONTROL NUMBER IDENTIFIER
control field BDDh-ASL
005 - DATE AND TIME OF LATEST TRANSACTION
control field 20231015025803.0
008 - FIXED-LENGTH DATA ELEMENTS--GENERAL INFORMATION
fixed length control field 180226s2017 bg ab b 010 0 eng
010 ## - LIBRARY OF CONGRESS CONTROL NUMBER
LC control number 2017350235
020 ## - INTERNATIONAL STANDARD BOOK NUMBER
International Standard Book Number 9789843433275
025 ## - OVERSEAS ACQUISITION NUMBER
Overseas acquisition number B-E-2017350235 ; 21-92
037 ## - SOURCE OF ACQUISITION
Source of stock number/acquisition Library of Congress -- New Delhi Overseas Office
040 ## - CATALOGING SOURCE
Original cataloging agency DLC
Language of cataloging eng
Description conventions rda
Transcribing agency DLC
Modifying agency BDDh-ASL
042 ## - AUTHENTICATION CODE
Authentication code lcode
-- pcc
043 ## - GEOGRAPHIC AREA CODE
Geographic area code a-bg---
-- a-ii---
050 00 - LIBRARY OF CONGRESS CALL NUMBER
Classification number DS485.B44
Item number R43 2017
082 ## - DEWEY DECIMAL CLASSIFICATION NUMBER
Classification number 954
Item number REA
245 00 - TITLE STATEMENT
Title Readings in Bengal history :
Remainder of title identity formation and colonial legacy /
Statement of responsibility, etc. edited by Asha Islam Nayeem, Aksadul Alam.
264 #1 - PRODUCTION, PUBLICATION, DISTRIBUTION, MANUFACTURE, AND COPYRIGHT NOTICE
Place of production, publication, distribution, manufacture Dhaka, [Bangladesh] :
Name of producer, publisher, distributor, manufacturer Bangladesh History Association,
Date of production, publication, distribution, manufacture, or copyright notice 2017.
300 ## - PHYSICAL DESCRIPTION
Extent xviii, 257 p. :
Other physical details color illustrations, color maps ;
Dimensions 25 cm
336 ## - CONTENT TYPE
Content type term text
Content type code txt
Source rdacontent
337 ## - MEDIA TYPE
Media type term unmediated
Media type code n
Source rdamedia
338 ## - CARRIER TYPE
Carrier type term volume
Carrier type code nc
Source rdacarrier
500 ## - GENERAL NOTE
General note At head of title: Golden jubilee volume.
504 ## - BIBLIOGRAPHY, ETC. NOTE
Bibliography, etc. note Includes bibliographical references.
520 ## - SUMMARY, ETC.
Summary, etc. Contributed articles compiled on 50th year completion of Bangladesh History Association on cultural legacy of Bengal.
651 #0 - SUBJECT ADDED ENTRY--GEOGRAPHIC NAME
Geographic name Bengal (India)
General subdivision History.
700 1# - ADDED ENTRY--PERSONAL NAME
Personal name Nayeem, Asha Islam,
Relator term editor.
700 1# - ADDED ENTRY--PERSONAL NAME
Personal name Alam, Aksadul
Titles and other words associated with a name (Professor of History),
Relator term editor.
710 2# - ADDED ENTRY--CORPORATE NAME
Corporate name or jurisdiction name as entry element Bāṃlādeśa Itihāsa Samiti,
Relator term host institution,
-- honouree.
906 ## - LOCAL DATA ELEMENT F, LDF (RLIN)
a 7
b cbc
c origode
d 3
e ncip
f 20
g y-gencatlg
942 ## - ADDED ENTRY ELEMENTS (KOHA)
Source of classification or shelving scheme Dewey Decimal Classification
Koha item type Books
Holdings
Withdrawn status Lost status Source of classification or shelving scheme Damaged status Not for loan Collection code Home library Current library Shelving location Date acquired Source of acquisition Total Checkouts Full call number Barcode Date last seen Copy number Price effective from Koha item type
    Dewey Decimal Classification     Non-fiction Asiatic Society Library Asiatic Society Library Sirajul Islam Collection 12/07/2020 Donated by Professor Sirajul Islam, FRHS   954 REA 102855 12/07/2020 C-1 12/07/2020 Books

Powered by Koha